<?xml version="1.0" encoding="UTF-8"?>
<collection xmlns="http://www.loc.gov/MARC21/slim">
 <record>
  <leader>01534pamaa2200229   4500</leader>
  <controlfield tag="001">0000048857</controlfield>
  <controlfield tag="005">20130815090000.0</controlfield>
  <controlfield tag="008">110302                             eng  </controlfield>
  <datafield tag="020" ind1="0" ind2="0">
   <subfield code="a">0838581323 (pbk.) </subfield>
  </datafield>
  <datafield tag="090" ind1="0" ind2="0">
   <subfield code="a">RM700 </subfield>
   <subfield code="b">INT 2006</subfield>
  </datafield>
  <datafield tag="245" ind1="1" ind2="0">
   <subfield code="a">Integrating physical agents in rehabilitation  </subfield>
   <subfield code="c">[edited by] Bernadette Hecox ... [et al.].</subfield>
  </datafield>
  <datafield tag="250" ind1="0" ind2="0">
   <subfield code="a">2nd ed.</subfield>
  </datafield>
  <datafield tag="260" ind1="0" ind2="0">
   <subfield code="a">Upper Saddle River, N.J.: </subfield>
   <subfield code="b">Pearson/Prentice Hall, </subfield>
   <subfield code="c">2006.</subfield>
  </datafield>
  <datafield tag="300" ind1=" " ind2=" ">
   <subfield code="a">ix, 533 p.: </subfield>
   <subfield code="b">ill.; </subfield>
   <subfield code="c">26 cm.</subfield>
  </datafield>
  <datafield tag="500" ind1="0" ind2="0">
   <subfield code="a">Rev. ed of: Physical agents / Bernadette Hecox, Tsega Andemicael Mehreteab, Joseph Weisberg. c1994</subfield>
  </datafield>
  <datafield tag="501" ind1="0" ind2="0">
   <subfield code="a">FMHS</subfield>
  </datafield>
  <datafield tag="504" ind1="0" ind2="0">
   <subfield code="a">Includes bibliographical references and index</subfield>
  </datafield>
  <datafield tag="505" ind1="0" ind2="0">
   <subfield code="a">The skin -- The circulatory system -- Wound management -- Edema -- Pain -- The electromagnetic spectrum -- Terminology -- Thermal physics -- Biophysics -- Physiological responses to thermal stimuli -- Clinical effects of thermal modalities -- Superficial thermotherapy -- Cryotherapy -- Ultrasound -- Diathermy -- Safety considerations for thermal modalities -- Therapeutic electricity -- Electrophysiology -- Clinical applications of electrical stimulation (TENS) -- Transcutaneous electrical nerve stimulation -- Iontophoresis -- Clinical electroneuromyography -- Spinal traction -- External compression -- Hydrotherapy -- Ultraviolet radiation -- Low-level laser therapy -- Biofeedback -- Pelvic floor rehabilitation</subfield>
  </datafield>
  <datafield tag="650" ind1="0" ind2="0">
   <subfield code="a">Physical therapy </subfield>
  </datafield>
  <datafield tag="650" ind1="0" ind2="0">
   <subfield code="a">Physical Therapy Techniques </subfield>
  </datafield>
  <datafield tag="700" ind1="1" ind2="1">
   <subfield code="a">Hecox, </subfield>
   <subfield code="h">Bernadette </subfield>
  </datafield>
  <datafield tag="901" ind1=" " ind2=" ">
   <subfield code="u">www.prenhall.com</subfield>
  </datafield>
 </record>
</collection>
